Gol dell'anno AIC - Statistics

Statistiche generali
  • Questo quiz è stato fatto 12 volte
    4 dall'ultimo reset
  • Il punteggio medio è 3 su 5
Statistiche sulle risposte
Edizione Nazione Squadra Calciatore % Corretto
2019 Italia Sampdoria Fabio Quagliarella
100%
2018 Argentina Inter Mauro Icardi
100%
2022 Francia Milan Theo Hernández
67%
2023 Italia Napoli Khvicha K'varatskhelia
33%
2021 Italia Hellas Verona Mattia Zaccagni
33%
Nessun quiz corrispondente trovato
Distribuzione punteggi
Percentuale di utenti per punteggio
Percentile per numero di risposta
I tuoi punteggi nel tempo
Non hai fatto questo quiz dall'ultimo reset